China statistical yearbook 2009.
| Format: | Book |
|---|---|
| Published: |
Beijing:
China Statistics Press,
2009.
|
| Subjects: |
| LEADER | 00421cam a2200145 7i4500 | ||
|---|---|---|---|
| 001 | 0000024099 | ||
| 005 | 20100122090000.0 | ||
| 020 | 0 | 0 | |a 978-7-5037-5800-3 |
| 090 | 0 | 0 | |a STAT 310.9 |b CHI (CHIN) |
| 245 | 0 | 0 | |a China statistical yearbook 2009. |
| 260 | 0 | 0 | |a Beijing: |b China Statistics Press, |c 2009. |
| 300 | # | # | |a 1072 p. |
| 650 | 0 | 0 | |a Statistics -- |z China |
| 651 | 0 | 0 | |a China |
| 999 | |a 0000025971 |b Book |c Statistics |e Business Information Centre | ||


